Statistics for JR Takasaki Line Stations, Tokyo, Japan

Click here to take the quiz!

General Stats

  • This quiz has been taken 27 times
  • The average score is 20 of 25

Answer Stats

Station No.Station% Correct
JU 01Tokyo
100%
Takasaki
95%
JU 02Ueno
95%
JU 04Akabane
89%
JU 07Omiya
89%
JU 05Urawa
89%
Ageo
84%
Honjo
84%
Kagohara
84%
Kita Ageo
84%
Kita Konosu
84%
Konosu
84%
Kumagaya
84%
JU 03Oku
84%
JU 06Saitama Shintoshin
84%
Fukaya
79%
Fukiage
74%
Gyoda
74%
Kitamoto
74%
Kuragano
74%
Miyahara
74%
Shinmachi
74%
Jimbohara
68%
Okabe
68%
Okegawa
63%

Score Distribution

Percentile by Number Answered

Percent of People with Each Score

Your Score History

You have not taken this quiz